000 00970nam a2200301Ia 4500
003 OSt
005 20221007123611.0
006 a|||||r|||| 00| 0
007 ta
008 221006b |||||||| |||| 00| 0 eng d
020 _a8188689084 (pbk)
_cRs.395.00
024 _a76480
037 _b1704, 13/02/2007, Unilib Book Distributors
_cTextbook
040 _aPAPL
_cPAPL
_beng
041 _2eng
_aeng
082 _aC9B3, N9 Carpa
100 _aHeyde K
_9717469
245 0 _aBasic ideas and concepts in nuclear physics:an Introductory approach
250 _a2
260 _aNew
_bDelhi Overseas Press
_c2005
300 _axx,524p.
_ccm.
490 _aGraduate Students Series in Physics
500 _aBibliographical references 505-516p; Index 517-524p
650 _a Network analysis
650 _aPhysics
942 _hC9B3, N9 Carpa
_cTB
_2CC
999 _c1212174
_d1212174